000 00625nam a22002297a 4500
003 UA-OsUOA
001 39619
007 ta
008 20060623b un ||||| |||| 00| 0 ukr d
100 _aИовчук М.Т.
090 _a141.82
_bИ75
942 _cBK
040 _aUA-OsUOA
_brus
_cUA-OsUOA
_dUA-OsUOA
245 _aПроблемы истории философии, эстетики и общественной мысли
300 _a408 с.
955 _a1
041 _arus
080 _a141.82
260 _aМ.
_bНаука
_c1974
650 7 _a1 Філософські науки
_2UDC
999 _c325761
_d325761